Realizacija obščenarodnych interesov

Uložené v:
Podrobná bibliografia
Hlavný autor: Buzgalin, Aleksandr Vladimirovič
Ďalší autori: Kolganov, Andrej Ivanovič
Médium: Kniha
Jazyk:Russian
Vydavateľské údaje: Moskva Ekonomika 1985
Vydanie:1. izd.
Tagy: Pridať tag
Žiadne tagy, Buďte prvý, kto otaguje tento záznam!

MARC

LEADER 00000nam a2200000 4500
001 c024646
005 20221220082212.6
041 0 |a rus 
044 |a CS 
245 1 0 |a Realizacija obščenarodnych interesov  |c Aleksandr Vladimirovič Buzgalin, Andrej Ivanovič Kolganov 
250 |a 1. izd. 
264 1 |a Moskva  |b Ekonomika  |c 1985 
300 |a 102 s. 
100 1 |a Buzgalin, Aleksandr Vladimirovič 
700 1 |a Kolganov, Andrej Ivanovič